Statistics for All Metallica Songs by Number of Spotify Plays

Click here to take the quiz!

General Stats

  • This quiz has been taken 15 times
  • The average score is 33 of 148

Answer Stats

AnswerSpotify PlaysSong LengthAlbum% Correct
1Enter Sandman1,092,811,0015:31Metallica (Black)
100%
3Master Of Puppets666,714,6758:35Master of Puppets
100%
2Nothing Else Matters940,405,5666:28Metallica (Black)
100%
4One455,698,8267:26...And Justice for All
100%
5The Unforgiven434,651,3916:27Metallica (Black)
100%
6For Whom The Bell Tolls360,808,2635:09Ride The Lightning
88%
14Battery130,438,6755:12Master of Puppets
75%
10Fuel181,759,5444:29Reload
75%
8Sad But True273,033,4545:24Metallica (Black)
75%
11Seek & Destroy176,267,8076:54Kill 'Em All
75%
24St. Anger76,393,8397:21St. Anger
75%
9Fade To Black255,328,6146:57Ride The Lightning
63%
13Hardwired136,792,4073:11Hardwired...To Self-Destruct
63%
17The Day That Never Comes114,004,1697:56Death Magnetic
63%
7Whiskey In The Jar350,960,3565:04Garage, Inc.
63%
29...And Justice for All69,301,8719:45...And Justice for All
50%
22Blackened86,092,6046:42...And Justice for All
50%
20Creeping Death92,761,4306:35Ride The Lightning
50%
31Fight Fire With Fire66,913,9634:44Ride The Lightning
50%
30Harvester of Sorrow66,969,4505:45...And Justice for All
50%
26Orion70,371,3048:27Master of Puppets
50%
21Ride The Lightning88,167,6426:36Ride The Lightning
50%
25The Memory Remains70,638,7594:39Reload
50%
18Welcome Home (Sanitarium)100,277,8806:27Master of Puppets
50%
12Wherever I May Roam170,254,7066:44Metallica (Black)
50%
32All Nightmare Long64,481,9887:57Death Magnetic
38%
56Damage, Inc.35,096,8315:32Master of Puppets
38%
41Disposable Heroes48,996,0248:16Master of Puppets
38%
59Dyers Eve32,613,4095:13...And Justice for All
38%
63Escape28,585,8374:23Ride The Lightning
38%
46Hit The Lights42,774,2414:15Kill 'Em All
38%
39Holier Than Thou52,913,3763:47Metallica (Black)
38%
58Leper Messiah34,326,8335:30Master of Puppets
38%
50Lux Æterna39,650,3543:2572 Seasons
38%
19Moth Into Flame97,785,8215:50Hardwired...To Self-Destruct
38%
52Motorbreath38,086,6483:07Kill 'Em All
38%
47The Call Of Ktulu41,592,3148:53Ride The Lightning
38%
23The Four Horsemen82,748,0367:12Kill 'Em All
38%
43The Thing That Should Not Be47,508,1506:36Master of Puppets
38%
65To Live Is to Die27,128,2259:48...And Justice for All
38%
57Trapped Under Ice34,638,0644:04Ride The Lightning
38%
37Whiplash60,457,9434:08Kill 'Em All
38%
10172 Seasons11,540,6897:3972 Seasons
25%
27Atlas, Rise!70,325,5246:28Hardwired...To Self-Destruct
25%
28Don't Tread on Me69,715,6444:00Metallica (Black)
25%
45Eye of the Beholder42,781,4356:25...And Justice for All
25%
55Hero Of The Day36,332,7344:21Load
25%
36King Nothing61,188,7265:28Load
25%
53No Leaf Clover38,080,7605:43S&M
25%
85Screaming Suicide17,786,8405:3072 Seasons
25%
61The Frayed Ends of Sanity29,695,2847:43...And Justice for All
25%
44The Shortest Straw44,148,9786:35...And Justice for All
25%
67The Struggle Within24,817,2533:52Metallica (Black)
25%
16The Unforgiven II116,306,3826:36Reload
25%
33The Unforgiven III63,456,5427:46Death Magnetic
25%
15Turn The Page123,288,4526:06Garage, Inc.
25%
34Until It Sleeps62,678,9664:29Load
25%
136All Within My Hands5,139,3108:43St. Anger
13%
82(Anesthesia) - Pulling Teeth18,040,3064:14Kill 'Em All
13%
64Bleeding Me27,158,2598:18Load
13%
72Broken, Beat & Scarred23,351,1836:25Death Magnetic
13%
108Carpe Diem Baby9,099,8416:12Reload
13%
115Cure7,638,3354:54Load
13%
74Cyanide21,566,1796:39Death Magnetic
13%
69Devil's Dance24,391,4465:18Reload
13%
54Die, Die My Darling37,833,1382:29Garage, Inc.
13%
66Dream No More26,573,6436:29Hardwired...To Self-Destruct
13%
71Frantic23,599,6255:50St. Anger
13%
60Halo On Fire30,809,3118:15Hardwired...To Self-Destruct
13%
79Here Comes Revenge18,629,0577:17Hardwired...To Self-Destruct
13%
114Human7,839,0054:19S&M
13%
93If Darkness Had a Son12,986,4916:3672 Seasons
13%
145Inamorata3,449,16911:1072 Seasons
13%
121Invisible Kid6,803,1668:30St. Anger
13%
49Mama Said40,730,8265:19Load
13%
88ManUNkind16,529,6556:55Hardwired...To Self-Destruct
13%
106Mercyful Fate9,665,36911:11Garage, Inc.
13%
76Metal Militia20,981,7825:11Kill 'Em All
13%
83Murder One17,802,8595:45Hardwired...To Self-Destruct
13%
77My Apocalypse19,934,7515:01Death Magnetic
13%
48My Friend of Misery41,057,7816:49Metallica (Black)
13%
68No Remorse24,565,3846:26Kill 'Em All
13%
35Now That We're Dead61,364,7886:59Hardwired...To Self-Destruct
13%
38Of Wolf and Man53,798,9324:16Metallica (Black)
13%
90Phantom Lord16,291,0315:01Kill 'Em All
13%
137Purify4,699,0625:13St. Anger
13%
148Room of Mirrors3,102,4515:3372 Seasons
13%
127Shoot Me Again6,258,8317:10St. Anger
13%
138Sleepwalk My Life Away4,651,6766:5672 Seasons
13%
119Slither6,922,7105:13Reload
13%
87Some Kind Of Monster17,083,6898:25St. Anger
13%
40Spit Out the Bone51,459,1817:09Hardwired...To Self-Destruct
13%
78Stone Cold Crazy19,308,4402:17Garage, Inc.
13%
147Stone Dead Forever3,374,3234:51Garage, Inc.
13%
95Suicide & Redemption12,593,6879:57Death Magnetic
13%
86That Was Just Your Life17,269,1487:08Death Magnetic
13%
80The End Of The Line18,598,1387:52Death Magnetic
13%
51The God That Failed39,541,3555:08Metallica (Black)
13%
98The Judas Kiss12,064,1848:00Death Magnetic
13%
102The Outlaw Torn10,336,0909:48Load
13%
107The Unnamed Feeling9,101,9127:07St. Anger
13%
126Thorn Within6,360,5545:51Load
13%
146Too Late Too Late3,398,1953:12Garage, Inc.
13%
70Tuesday's Gone23,635,3589:05Garage, Inc.
13%
1032 X 410,361,3475:28Load
0%
84Ain't My B*tch17,792,7775:04Load
0%
89Am I Evil?16,333,2197:50Garage, Inc.
0%
91Am I Savage?16,075,1596:29Hardwired...To Self-Destruct
0%
97Astronomy12,213,4986:37Garage, Inc.
0%
135Attitude5,304,4845:16Reload
0%
123Bad Seed6,525,1954:05Reload
0%
113Better Than You8,126,4925:21Reload
0%
73Blitzkrieg21,664,8913:36Garage, Inc.
0%
81Breadfan18,598,1225:41Garage, Inc.
0%
144Chasing Light3,498,4676:4572 Seasons
0%
75Confusion20,990,7906:41Hardwired...To Self-Destruct
0%
109Crash Course In Brain Surgery8,608,3563:10Garage, Inc.
0%
143Crown of Barbed Wire3,567,1775:4972 Seasons
0%
142Damage Case3,707,0683:40Garage, Inc.
0%
117Dirty Window7,330,4425:24St. Anger
0%
120Fixxxer6,912,2778:15Reload
0%
133Free Speech For The Dumb5,594,0972:35Garage, Inc.
0%
110Helpless8,349,1726:38Garage, Inc.
0%
112It's Electric8,153,4073:33Garage, Inc.
0%
62Jump In The Fire28,698,9614:41Kill 'Em All
0%
139Killing Time4,585,5693:03Garage, Inc.
0%
99Last Caress / Green Hell11,831,0663:29Garage, Inc.
0%
104Loverman10,217,2147:52Garage, Inc.
0%
100Low Man's Lyric11,673,0227:37Reload
0%
132My World5,586,6665:45St. Anger
0%
118Overkill7,045,6354:04Garage, Inc.
0%
130Poor Twisted Me6,084,0804:00Load
0%
129Prince Charming6,206,7776:05Reload
0%
116Ronnie7,345,8045:17Load
0%
96Sabbra Cadabra12,248,6446:20Garage, Inc.
0%
131Shadows Follow5,985,2696:1172 Seasons
0%
92So What13,422,9833:08Garage, Inc.
0%
122Sweet Amber6,645,5825:27St. Anger
0%
105The House Jack Built10,045,5136:38Load
0%
134The More I See5,313,4284:48Garage, Inc.
0%
124The Prince6,508,4344:25Garage, Inc.
0%
125The Small Hours6,365,0776:43Garage, Inc.
0%
94The Wait12,944,9454:55Garage, Inc.
0%
42Through the Never48,584,2714:04Metallica (Black)
0%
141Too Far Gone?3,755,6044:3372 Seasons
0%
111Wasting My Hate8,339,6183:57Load
0%
128Where The Wild Things Are6,218,0456:54Reload
0%
140You Must Burn!4,198,8027:0372 Seasons
0%

Score Distribution

Percentile by Number Answered

Percent of People with Each Score

Your Score History

You have not taken this quiz